00971ngm a22002537a 450000500170000000700040001700800410002101000190006202400180008104000080009908200150010724500620012230000580018450000500024250000890029253800940038153801220047570000180059770000220061570000180063770000240065570000180067970000200069720080723121347.0DVD080723t xxu||||| |||| 00| 0 eng d aDVD-000117-119 aA2403c499.00 aDPL aDVD / ALAM aAlamo, ThecProduced by Mark Johnson and John Lee Hancock a2 Vidiodisc DVD (131 min.)bSd., Col.c4 3/4 in.fDVD aReturn of the Legend: The making of The Alamo aAcademy Award winner Billy Bob Thornton (Best Adapted Screenplay, Sling Blade, 1996) aDolby Digital 5.1, Thai English DTS 5.1, Subtitles English, thai, Mandarin, Bahasa, Koren aPresentation Tupe: Widescrene, Foormat DVD 9-Dual Layer Single Side Disc, Aspect Ratio 2.35:1, Presentation Size 16x9 aJohnson, Mark aHancock, John Lee aQuaid, Dennis aThornton, Billy Bob aPatric, Jason aWilson, Patrick